<?xml version="1.0" encoding="UTF-8"?>
<collection xmlns="http://www.loc.gov/MARC21/slim">
 <record>
  <leader>01644nam a2200217Ia 4500</leader>
  <controlfield tag="001">CTU_15447</controlfield>
  <controlfield tag="008">210402s9999    xx            000 0 und d</controlfield>
  <datafield tag="020" ind1=" " ind2=" ">
   <subfield code="c">69.95</subfield>
  </datafield>
  <datafield tag="082" ind1=" " ind2=" ">
   <subfield code="a">536</subfield>
  </datafield>
  <datafield tag="082" ind1=" " ind2=" ">
   <subfield code="b">Z41</subfield>
  </datafield>
  <datafield tag="100" ind1=" " ind2=" ">
   <subfield code="a">Zemansky, Mark Waldo</subfield>
  </datafield>
  <datafield tag="245" ind1=" " ind2="0">
   <subfield code="a">Heat and thermodynamics :</subfield>
  </datafield>
  <datafield tag="245" ind1=" " ind2="2">
   <subfield code="b">A intermediate book</subfield>
  </datafield>
  <datafield tag="245" ind1=" " ind2="0">
   <subfield code="c">Mark Waldo Zemansky, Richard H Dittman</subfield>
  </datafield>
  <datafield tag="260" ind1=" " ind2=" ">
   <subfield code="a">Aukland</subfield>
  </datafield>
  <datafield tag="260" ind1=" " ind2=" ">
   <subfield code="b">McGraw - Hill</subfield>
  </datafield>
  <datafield tag="260" ind1=" " ind2=" ">
   <subfield code="c">1981</subfield>
  </datafield>
  <datafield tag="520" ind1=" " ind2=" ">
   <subfield code="a">The book composes two parts: The first part being devoted to fundamental concepts, design to be core of an introductory course in thermodynamics, and the second part, starting with a chapter on elementary statistical mechanics, designed to enable the teacher to choose those applications which require the use of thermodynamics and statistical mechanics. Part 2 also contains such topics as chemical equilibrium, ideal-gas reactions, phase theory, the third law, fuel cells, thermocouples, blackbody radiation, and negative Kelvin temperatures s two parts: The first part being devoted to fundamental concepts, design to be core of an introductory course in thermodynamics, and the second part, starting with a chapter on elementary statistical mechanics, designed to enable the teacher to choose those applications which require the use of thermodynamics and statistical mechanics. Part 2 also contains such topics as chemical equilibrium, ideal-gas reactions, phase theory, the third law, fuel cells, thermocouples, blackbody radiation, and negative Kelvin temperatures</subfield>
  </datafield>
  <datafield tag="650" ind1=" " ind2=" ">
   <subfield code="a">Heat,Thermodynamics</subfield>
  </datafield>
  <datafield tag="904" ind1=" " ind2=" ">
   <subfield code="i">Minh, 970404</subfield>
  </datafield>
  <datafield tag="980" ind1=" " ind2=" ">
   <subfield code="a">Trung tâm Học liệu Trường Đại học Cần Thơ</subfield>
  </datafield>
 </record>
</collection>
